00343nam a2200133Ia 4500008004100000041000800041082001700049100002000066245002700086250000600113260006100119300001100180650001800191210716s1992 xx 000 0 und d aeng a005.133 BALE aBalagurusamy E. aProgramming in ansi c. a2 aNew DelhibTata McGraw Hill Publishing Company Ltdc1992 axi,411 aC Programming